Answers Contain "Ocean" - Statistics

General Stats
  • This quiz has been taken 268 times
  • The average score is 11 of 20
Answer Stats
Hint Answer % Correct
The world's five oceans Pacific Ocean
99%
The world's five oceans Atlantic Ocean
98%
The world's five oceans Arctic Ocean
95%
The world's five oceans Indian Ocean
95%
Iconic Hollywood heist movie Ocean's Eleven
87%
Smallest of the world's continents Oceania
78%
Another name for ocean #5 Antarctic Ocean
72%
The world's five oceans Southern Ocean
72%
Type of huge passenger ship Ocean Liner
65%
Another name for the seabed Ocean Floor
61%
His two albums are "Blonde" and"Channel Orange" Frank Ocean
50%
Rhode Island Ocean State
42%
Gulf Stream, Kuroshio, e.g. Ocean Current
38%
Clooney's character in that movie Danny Ocean
35%
Californian city located 54mi (87km)south of Riverside Oceanside
34%
The Titan submersible that implodedin 2023 was built by this company OceanGate
32%
Billie Eilish song Ocean Eyes
29%
Ugly bony fish also called mola mola Ocean Sunfish
12%
Word for the the land along the shore of an ocean Oceanfront
11%
Picturesque Victorian road from Torquay to Allansford Great Ocean
9%
No matching quizzes found
Score Distribution
Percent of People with Each Score
Percentile by Number Answered
Your Score History
You have not taken this quiz